Klikkaa Suomen kuntien alkukirjainta - A-Ö - Statistics

Yleistilastot
  • Tätä visaa on pelattu 6 111 kertaa
  • Keskiarvotulos 7 / 21
Vastaukset kartalla
Vastauksille on annettu kartalla punavihreä väri sen mukaan, kuinka moni on saanut sen oikein.
 
Vastaustilastot
Vastaus % Oikein
K
49%
I
47%
O
47%
R
45%
E
44%
H
44%
S
43%
U
42%
T
40%
P
39%
L
37%
M
36%
J
34%
V
33%
Y
30%
N
25%
F
24%
Ä
23%
A
22%
G
22%
B
21%
Ehtoja vastaavia visoja ei löytynyt
Tulosjakauma
Jokaisen tuloksen saaneiden osuus
Persentiili vastausten määrän mukaan
Tuloshistoriasi
Et ole pelannut tätä visaa